000 00552nam a22001937a 4500
005 20251108170807.0
008 250721s1997 xx 000 0 ara d
082 1 4 _a150/يون
100 1 _aيونغ، ك .غ
245 1 0 _aعلم النفس التحليلي /
250 _aط2
264 1 _aاللاذفية :
_bدار الحوار للنشر،
_c1997.
300 _a248ص
650 1 7 _aعلم النفس
650 1 7 _aعلم النفس التحليلي
700 1 _aخياطة، نهاد
_eترجمة
942 _2ddc
_cBK
999 _c49132
_d49132